| 000 | 00638nam a2200193 a 4500 | ||
|---|---|---|---|
| 001 | 000035499 | ||
| 005 | 20200930074404.0 | ||
| 008 | 111102s1994 sp 000 0 spa d | ||
| 020 | _a847978136x | ||
| 040 |
_aDO-SdBNP _bspa _cBNPHU |
||
| 082 |
_axxxx _bxxxx |
||
| 100 | 1 |
_aSherlock, Paul _961383 |
|
| 245 | 1 | 0 |
_aReinventando el marketing de empresa a empresa / _cPaul Sherlock ; prólogo Tom Peters. |
| 260 |
_aMadrid, : _bDíaz de Santos, _c1994. |
||
| 300 |
_axx, 231 p. ; _c22 cm. |
||
| 500 | _aIncluye índice | ||
| 504 | _aIncluye referencias bibliográficas y notas al pie de las páginas | ||
| 700 | 1 |
_aPeters, Tom, _epról. _961384 |
|
| 999 |
_c34990 _d34990 |
||